[Event "SF Werden 3 - SG Gladbeck"]
[Site "?"]
[Date "2024.01.28"]
[Round "5"]
[White "Biermann, Klaus"]
[Black "Rickert, Stefan"]
[Result "1-0"]
[WhiteElo "1791"]
[BlackElo "1903"]
[PlyCount "61"]
[SourceDate "2024.01.23"]

1. c4 e5 2. Nc3 Nf6 3. e4 Bc5 4. g3 O-O 5. Bg2 c6 6. h3 b5 7. cxb5 cxb5 8. Nge2
Bb7 9. O-O Qb6 10. a3 a5 11. d3 Nc6 12. Bg5 Na7 13. Bxf6 Qxf6 14. Rc1 Rac8 15.
Qd2 Bc6 16. Kh2 b4 17. Nd1 Bb5 18. Ne3 Qa6 19. Rfd1 bxa3 20. bxa3 Bxa3 21. Rxc8
Rxc8 22. Nd5 Bb4 23. Nxb4 axb4 24. Qxb4 Bxd3 25. Nc3 h6 26. Nd5 Rc2 27. Qb3
Rxf2 28. Rxd3 Nb5 29. Ne7+ Kh7 30. Nf5 Kg6 31. Rxd7 1-0

[Event "SF Werden 3 - SG Gladbeck"]
[Site "?"]
[Date "2024.01.28"]
[Round "5"]
[White "Rickert, Dirk"]
[Black "Arp, Piotr"]
[Result "1/2-1/2"]
[WhiteElo "1800"]
[BlackElo "1710"]
[PlyCount "83"]
[SourceDate "2024.01.23"]

1. d4 Nf6 2. c4 g6 3. Nc3 Bg7 4. e4 d6 5. Be2 O-O 6. h4 Nc6 7. Be3 e5 8. d5 Ne7
9. Qd2 Ng4 10. Bxg4 Bxg4 11. f3 Bd7 12. h5 f5 13. g3 fxe4 14. fxe4 Bg4 15. hxg6
Nxg6 16. Qh2 h5 17. Nce2 c6 18. O-O-O Qa5 19. Kb1 b5 20. Nh3 c5 21. Bd2 Qb6 22.
Ng5 bxc4 23. Rdf1 Bh6 24. Nc3 Rab8 25. Bc1 Qb4 26. Ka1 Ne7 27. Ne6 Bxc1 28.
Rxf8+ Rxf8 29. Nxf8 Be3 30. Rf1 Bd4 31. Qh4 Nf5 32. Qd8 Bxc3 33. Ne6+ Kh7 34.
Nf8+ Kg7 35. Ne6+ Kh7 36. Ng5+ Kg7 37. Qd7+ Kh6 38. Nf7+ Kh7 39. Ng5+ Kh6 40.
Qh7+ Kxg5 41. Rxf5+ Bxf5 42. Qxf5+ 1/2-1/2

[Event "SF Werden 3 - SG Gladbeck"]
[Site "?"]
[Date "2024.01.28"]
[Round "5"]
[White "Schueppen, Jonathan"]
[Black "Busch, Udo"]
[Result "1/2-1/2"]
[WhiteElo "1309"]
[BlackElo "1768"]
[PlyCount "89"]
[SourceDate "2024.01.23"]

1. d4 d5 2. Nf3 Nf6 3. c4 e6 4. g3 c5 5. Bg2 Nc6 6. cxd5 exd5 7. O-O c4 8. Nc3
Be6 9. Re1 Be7 10. e3 O-O 11. Qc2 Nb4 12. Qd1 Bf5 13. Re2 Bd3 14. Rd2 Ne4 15.
Nxe4 Bxe4 16. a3 Qa5 17. Ne1 Bxg2 18. Kxg2 f5 19. Re2 Nc6 20. Bd2 Qc7 21. Bc3
b5 22. b4 a5 23. Rb2 axb4 24. axb4 Ra7 25. Nc2 Rfa8 26. Rbb1 Rxa1 27. Rxa1 Rxa1
28. Qxa1 Qa7 29. Qxa7 Nxa7 30. Na3 Nc6 31. Nxb5 Bxb4 32. Bxb4 Nxb4 33. Nc3 Kf7
34. Kf3 g5 35. h3 h5 36. Ke2 Ke6 37. f3 Nc6 38. g4 fxg4 39. fxg4 hxg4 40. hxg4
Ne7 41. Kf3 Ng8 42. Kg3 Nf6 43. Kf3 Kd6 44. Kg3 Ke6 45. Kf3 1/2-1/2

[Event "Unser Fritz- Osterfeld"]
[Site "?"]
[Date "2024.01.28"]
[Round "5.1"]
[White "Heisterkamp, Oliver"]
[Black "Rutz, Dirk"]
[Result "1/2-1/2"]
[WhiteElo "1941"]
[BlackElo "1992"]
[PlyCount "23"]
[SourceDate "2024.01.23"]

1. Nf3 d6 2. g3 Nf6 3. Bg2 g6 4. b3 Bg7 5. Bb2 O-O 6. O-O e5 7. d3 c6 8. c4
Nbd7 9. Nbd2 a5 10. Qc2 Re8 11. a3 Qb6 12. h3 1/2-1/2

[Event "Unser Fritz- Osterfeld"]
[Site "?"]
[Date "2024.01.28"]
[Round "5.2"]
[White "Jungbluth, Michael"]
[Black "Laudage, Bernd"]
[Result "1/2-1/2"]
[WhiteElo "1939"]
[BlackElo "1996"]
[PlyCount "26"]
[SourceDate "2024.01.23"]

1. d4 Nf6 2. Nf3 d6 3. c4 Nbd7 4. Nc3 e5 5. g3 Be7 6. Bg2 c6 7. O-O Qc7 8. e4
O-O 9. h3 Re8 10. Be3 Nf8 11. Nh4 g6 12. Bh6 Kh8 13. Be3 N6d7 1/2-1/2

[Event "Unser Fritz- Osterfeld"]
[Site "?"]
[Date "2024.01.28"]
[Round "5.3"]
[White "Ivchenko, Anatoly"]
[Black "Mueller, Martin"]
[Result "0-1"]
[WhiteElo "1822"]
[BlackElo "2018"]
[PlyCount "76"]
[SourceDate "2024.01.23"]

1. Nf3 d6 2. d4 f5 3. g3 g6 4. Bg2 Nf6 5. O-O Bg7 6. c4 O-O 7. Nc3 Qe8 8. Qc2
c6 9. d5 Na6 10. dxc6 bxc6 11. a3 Nc5 12. b4 Nce4 13. Bb2 Qf7 14. Nxe4 Nxe4 15.
Bxg7 Qxg7 16. Rfd1 Bd7 17. Nd2 Nc3 18. Re1 Nxe2+ 19. Kf1 Nd4 20. Qd3 f4 21.
Rad1 fxg3 22. hxg3 Bg4 23. f3 Bf5 24. Ne4 e5 25. Qc3 Bh3 26. Rd3 Bf5 27. Kg1 d5
28. Nf2 Bxd3 29. Qxd3 Rad8 30. cxd5 cxd5 31. Rd1 Rc8 32. f4 Rc3 33. Bxd5+ Kh8
34. Qa6 Rxg3+ 35. Kh2 exf4 36. Nh3 Rxh3+ 37. Kxh3 Qd7+ 38. Kh2 Qxd5 0-1

[Event "Unser Fritz- Osterfeld"]
[Site "?"]
[Date "2024.01.28"]
[Round "5.4"]
[White "Nowicki, Heiko"]
[Black "Hessel, Malte"]
[Result "0-1"]
[WhiteElo "1834"]
[BlackElo "1980"]
[PlyCount "66"]
[SourceDate "2024.01.23"]

1. e4 d6 2. d4 Nf6 3. Nc3 c6 4. Nf3 Qa5 5. Bd2 Qc7 6. h3 e5 7. a4 Be7 8. Bc4
O-O 9. O-O b6 10. Re1 a5 11. Qe2 Ba6 12. Bxa6 Nxa6 13. Na2 Rfe8 14. dxe5 dxe5
15. Bc3 Bd6 16. Nc1 Nc5 17. Nd2 Rad8 18. Qf3 Ne6 19. Nc4 c5 20. Qg3 Nd4 21.
Nxd6 Rxd6 22. Bxd4 cxd4 23. Re2 Rc6 24. Qb3 Rc8 25. Nd3 h6 26. Rc1 Nd7 27. Qb5
Nc5 28. Nxc5 Rxc5 29. Qb3 Rc4 30. Qb5 d3 31. Rd2 Rxc2 32. Rdxc2 dxc2 33. Qe2
Kf8 0-1

[Event "Unser Fritz- Osterfeld"]
[Site "?"]
[Date "2024.01.28"]
[Round "5.5"]
[White "Fiori, Bruno"]
[Black "Tober, Julian"]
[Result "1-0"]
[WhiteElo "1831"]
[BlackElo "1794"]
[PlyCount "70"]
[SourceDate "2024.01.23"]

1. e4 c5 2. Nf3 g6 3. d4 cxd4 4. Nxd4 Bg7 5. Nc3 Nc6 6. Be3 Nf6 7. Be2 O-O 8.
O-O d5 9. exd5 Nxd5 10. Nxd5 Qxd5 11. Bf3 Qe5 12. Nxc6 bxc6 13. c3 Qb5 14. Qb3
Qa6 15. a4 Bf5 16. Qa3 Rab8 17. b4 Qc4 18. Rfc1 a6 19. Bc5 Rfd8 20. Bxe7 Re8
21. Bc5 Bh6 22. Re1 Rxe1+ 23. Rxe1 Bd2 24. Rd1 Bxc3 25. Rc1 Re8 26. Bxc6 Bd2
27. Bxe8 Bxc1 28. Qf3 Bg5 29. h3 Qc1+ 30. Kh2 Be6 31. Bc6 Qc2 32. Qe4 Qc1 33.
Bd4 Qd2 34. g3 Qxb4 35. Qe5 Kf8 1-0

[Event "Unser Fritz- Osterfeld"]
[Site "?"]
[Date "2024.01.28"]
[Round "5.7"]
[White "Bensch, Arnold"]
[Black "Prang, Andreas"]
[Result "0-1"]
[WhiteElo "1737"]
[BlackElo "1774"]
[PlyCount "78"]
[SourceDate "2024.01.23"]

1. d4 Nf6 2. c4 c5 3. d5 b5 4. cxb5 a6 5. bxa6 g6 6. Nc3 Bg7 7. g3 O-O 8. Bg2
d6 9. e3 Bxa6 10. Nge2 Nbd7 11. O-O Qa5 12. Qc2 Rfb8 13. Rd1 Ne8 14. Bf1 Nb6
15. Nf4 Bxf1 16. Kxf1 Nc4 17. Nfe2 Ra7 18. b3 Ne5 19. Bb2 Rab7 20. Rdb1 Nc7 21.
Kg2 c4 22. Nd4 Nxd5 23. bxc4 Nb4 24. Qe2 Nbd3 25. Ncb5 Nxb2 26. Rxb2 Qa4 27.
Rc1 Rc8 28. Rbc2 Qa6 29. Nb3 Qc6+ 30. e4 Qb6 31. h3 Nc6 32. Qd2 Na7 33. a4 Nc6
34. N3d4 Nxd4 35. Nxd4 Qxd4 36. Qe2 Qc5 37. Ra2 Ra8 38. Rcc2 h6 39. Qd2 Rba7
0-1

[Event "Unser Fritz- Osterfeld"]
[Site "?"]
[Date "2024.01.28"]
[Round "5.6"]
[White "Rostek, Joerg"]
[Black "Gebauer, Ulrich"]
[Result "1-0"]
[WhiteElo "1825"]
[BlackElo "1792"]
[PlyCount "71"]
[SourceDate "2024.01.23"]

1. c4 f5 2. Nc3 Nf6 3. g3 e6 4. Bg2 Be7 5. Nh3 c6 6. d4 d6 7. O-O O-O 8. Qc2 d5
9. c5 Nh5 10. b4 a6 11. Rb1 g5 12. Na4 Nd7 13. f4 g4 14. Nf2 Nhf6 15. e3 h5 16.
Nd3 Kg7 17. Nc3 Rh8 18. Bd2 h4 19. a4 hxg3 20. hxg3 Nh5 21. Be1 Qg8 22. b5 axb5
23. axb5 Qh7 24. bxc6 bxc6 25. Nb4 Bb7 26. Nbxd5 Ba6 27. Nxe7 Bxf1 28. Kxf1
Nhf6 29. Nxc6 Ra3 30. Ne5 Ra7 31. Nb5 Rha8 32. Nxd7 Nxd7 33. Nxa7 Rxa7 34. c6
Kg6 35. cxd7 Qxd7 36. Qc6 1-0

[Event "Unser Fritz- Osterfeld"]
[Site "?"]
[Date "2024.01.28"]
[Round "5.8"]
[White "Goeßling, Juergen"]
[Black "Kyritsis, Christoph"]
[Result "1-0"]
[WhiteElo "1721"]
[BlackElo "1608"]
[PlyCount "77"]
[SourceDate "2024.01.23"]

1. e4 e5 2. Nf3 Nc6 3. d4 exd4 4. Bc4 Be7 5. c3 Nf6 6. e5 Ng4 7. cxd4 Bb4+ 8.
Nc3 Bxc3+ 9. bxc3 d5 10. Bb5 Bd7 11. O-O a6 12. Ba4 b5 13. Bc2 Ne7 14. h3 Nh6
15. Bxh6 gxh6 16. Kh1 Bf5 17. Bxf5 Nxf5 18. e6 fxe6 19. Ne5 Qg5 20. a4 Rg8 21.
Rg1 Ke7 22. axb5 axb5 23. Rxa8 Rxa8 24. Qe2 Nd6 25. Re1 Qf5 26. Ng4 h5 27. Ne3
Qf7 28. Nxd5+ Kd7 29. Nb4 c6 30. f4 Nf5 31. Qf3 Rc8 32. Ra1 Rc7 33. Na6 Rc8 34.
Nc5+ Kd6 35. Ne4+ Kd7 36. Qf2 h4 37. d5 exd5 38. Ra7+ Rc7 39. Rxc7+ 1-0

[Event "Wattenscheid 3- Hansa Dortmund"]
[Site "?"]
[Date "2024.01.28"]
[Round "5.1"]
[White "Klyuner, Vyacheslav"]
[Black "Thelen, Thomas"]
[Result "1-0"]
[WhiteElo "2396"]
[BlackElo "1988"]
[PlyCount "73"]
[SourceDate "2024.01.23"]

1. e4 c5 2. c3 d6 3. d4 Nd7 4. Nf3 Qc7 5. Bd3 Ngf6 6. O-O e5 7. dxe5 dxe5 8.
Nbd2 Be7 9. a4 O-O 10. Nc4 Re8 11. Qe2 Bf8 12. Bc2 b6 13. Rd1 Bb7 14. Nh4 g6
15. f3 a6 16. Ne3 Be7 17. g3 Nh5 18. Nhg2 Ndf6 19. Ng4 Nxg4 20. fxg4 Ng7 21.
Ne3 b5 22. axb5 axb5 23. Rxa8 Rxa8 24. Qxb5 Ra1 25. Nd5 Bxd5 26. exd5 h5 27.
gxh5 gxh5 28. Qc6 Qb8 29. Qh6 f5 30. Bxf5 Qd6 31. Bh7+ Kf7 32. Rf1+ Bf6 33. Be4
c4 34. Kg2 Ra6 35. Qg6+ Kf8 36. Bh6 Qe7 37. Bg5 1-0

[Event "Wattenscheid 3- Hansa Dortmund"]
[Site "?"]
[Date "2024.01.28"]
[Round "5.2"]
[White "Meyer, Juergen"]
[Black "Zelt, Jens"]
[Result "1-0"]
[WhiteElo "1899"]
[BlackElo "1991"]
[PlyCount "115"]
[SourceDate "2024.01.23"]

1. e4 d6 2. d4 c6 3. g3 Nd7 4. Bg2 e5 5. Ne2 Be7 6. O-O Ngf6 7. h3 Qc7 8. Be3
O-O 9. a4 b6 10. Nbc3 Bb7 11. f4 a6 12. g4 exf4 13. Nxf4 b5 14. g5 Ne8 15. axb5
axb5 16. Rxa8 Bxa8 17. Qg4 b4 18. Nce2 c5 19. Ne6 fxe6 20. Qxe6+ Kh8 21. Qxe7
Rxf1+ 22. Bxf1 Qc8 23. h4 Bc6 24. Bh3 Nc7 25. dxc5 dxc5 26. Bxc5 b3 27. cxb3
Nb5 28. Nd4 Qb8 29. Nxc6 Qg3+ 30. Bg2 Qe1+ 31. Kh2 Qxh4+ 32. Bh3 Qf4+ 33. Kg2
Qd2+ 34. Bf2 Nf6 35. Qf8+ Ng8 36. Qf5 Nd6 37. Qd5 Nxe4 38. Qxe4 Qxg5+ 39. Qg4
Qd5+ 40. Qf3 Qg5+ 41. Kh2 h6 42. Qf5 Qd2 43. Ne5 Ne7 44. Qf8+ Kh7 45. Bf5+ Nxf5
46. Qxf5+ Kg8 47. Qc8+ Kh7 48. Qf5+ Kg8 49. Nd3 Qc2 50. Qd5+ Kh7 51. b4 Qc7+
52. Kg2 Qc8 53. Qe4+ Kh8 54. b5 Qd8 55. b6 Qg5+ 56. Kf1 Qb5 57. b7 Kg8 58. Bg3
1-0

[Event "Wattenscheid 3- Hansa Dortmund"]
[Site "?"]
[Date "2024.01.28"]
[Round "5.3"]
[White "Dawid, Adalbert"]
[Black "Boehmfeldt, Rolf"]
[Result "1-0"]
[WhiteElo "1940"]
[BlackElo "1904"]
[PlyCount "97"]
[SourceDate "2024.01.23"]

1. d4 d5 2. c4 c6 3. Nf3 Nf6 4. Nc3 Bf5 5. cxd5 Nxd5 6. Qb3 Nxc3 7. Qxb7 Nd5 8.
Qxa8 Qb6 9. e4 Nc7 10. Qxb8+ Qxb8 11. exf5 e6 12. Bd3 Bb4+ 13. Bd2 O-O 14. fxe6
Nxe6 15. Bc3 Bxc3+ 16. bxc3 Qb2 17. O-O Qxc3 18. Rfd1 Qa5 19. Bc4 Nd8 20. Rab1
g6 21. Ne5 Kg7 22. h3 Qc7 23. Rbc1 Qd6 24. Bb3 f6 25. Ng4 h5 26. Ne3 Ne6 27. d5
cxd5 28. Nxd5 Qa3 29. Re1 Nd4 30. Bc4 h4 31. Rc3 Qa5 32. Re4 Nf5 33. Bb3 Rd8
34. Ra4 Qb5 35. Rxa7+ Kh6 36. Nxf6 Qe2 37. Ng4+ Kg5 38. Rc4 Rd1+ 39. Kh2 Rd4
40. Rc6 Rxg4 41. hxg4 Qe5+ 42. Kh3 Qe4 43. Rc4 Qd3+ 44. Kh2 Nd4 45. Ra5+ Kh6
46. g5+ Kh5 47. Rd5 Nf3+ 48. gxf3 Qxf3 49. Bd1 1-0

[Event "Wattenscheid 3- Hansa Dortmund"]
[Site "?"]
[Date "2024.01.28"]
[Round "5.4"]
[White "Schlee, Ulrich"]
[Black "Krueger, Simon"]
[Result "1-0"]
[WhiteElo "1795"]
[BlackElo "1963"]
[PlyCount "113"]
[SourceDate "2024.01.23"]

1. e4 c6 2. d4 d5 3. Nc3 dxe4 4. Nxe4 Nf6 5. Nxf6+ exf6 6. Nf3 Bg4 7. Be2 Bd6
8. O-O O-O 9. b3 a5 10. Bb2 a4 11. c4 Qa5 12. Qc2 Na6 13. c5 Bb8 14. Bc3 Qc7
15. g3 Qd7 16. Rfe1 Bf5 17. Qd2 Nc7 18. Nh4 Be6 19. b4 a3 20. Bf1 Bd5 21. Ng2
Ne6 22. h4 f5 23. Ne3 f4 24. Nxd5 Qxd5 25. Qd3 fxg3 26. fxg3 Bc7 27. Bg2 Qd7
28. Rad1 Rad8 29. d5 cxd5 30. Bxd5 b6 31. Qf5 Qe7 32. Qg4 Rxd5 33. Rxd5 g6 34.
c6 Rd8 35. Rxd8+ Bxd8 36. Qc4 Qd6 37. Be5 Qe7 38. Qc3 Qa7 39. b5 Bc7 40. Rd1
Qa4 41. Rd7 Qxb5 42. Bxc7 Qb1+ 43. Kh2 Qb2+ 44. Qd2 Nxc7 45. Qxb2 axb2 46. Rd1
Kf8 47. Rb1 Ke7 48. Rxb2 Kd6 49. Rxb6 Kc5 50. Rb8 Kxc6 51. Rf8 f5 52. Rf7 Nd5
53. Rxh7 Nf6 54. Rg7 Ng4+ 55. Kg2 Ne5 56. Kf2 Kd5 57. a4 1-0

[Event "Wattenscheid 3- Hansa Dortmund"]
[Site "?"]
[Date "2024.01.28"]
[Round "5.5"]
[White "Linker, Walter"]
[Black "Kraus, Tanja"]
[Result "1-0"]
[WhiteElo "1962"]
[BlackElo "1701"]
[PlyCount "49"]
[SourceDate "2024.01.23"]

1. f4 c5 2. Nf3 d5 3. e3 Bg4 4. b3 Nc6 5. Bb5 Qc7 6. Bb2 a6 7. Bxc6+ Qxc6 8.
O-O Nf6 9. d3 g6 10. Nbd2 Bg7 11. Qe1 Bxf3 12. Rxf3 O-O 13. Qh4 Qe6 14. Re1 b5
15. e4 d4 16. f5 Qd7 17. g4 e5 18. Nf1 Qd8 19. Bc1 Nd7 20. g5 gxf5 21. exf5 f6
22. g6 hxg6 23. fxg6 Re8 24. Qh7+ Kf8 25. Ng3 1-0

[Event "Wattenscheid 3- Hansa Dortmund"]
[Site "?"]
[Date "2024.01.28"]
[Round "5.6"]
[White "Kotulla, Guenther"]
[Black "Schaepers, Lars"]
[Result "0-1"]
[WhiteElo "1671"]
[BlackElo "1878"]
[PlyCount "92"]
[SourceDate "2024.01.23"]

1. e4 e6 2. d4 d5 3. exd5 exd5 4. Nf3 Bd6 5. Bd3 Nf6 6. O-O O-O 7. Bg5 Bg4 8.
Nbd2 c6 9. c4 h6 10. Bh4 Nbd7 11. Qb3 Qb6 12. Qxb6 axb6 13. a3 Rfe8 14. Rfe1
Kf8 15. Rxe8+ Rxe8 16. Re1 Rxe1+ 17. Nxe1 Bf4 18. Nb1 Bc1 19. f3 Be6 20. b3 Nh5
21. Bf2 Nf4 22. Bf1 Bf5 23. Nc3 dxc4 24. bxc4 Bxa3 25. Na4 Ke7 26. Be3 Bd6 27.
g3 Ne6 28. Kf2 h5 29. Be2 f6 30. h4 Kd8 31. d5 Nec5 32. Nxc5 Nxc5 33. g4 hxg4
34. fxg4 Be4 35. Bf3 b5 36. cxb5 cxd5 37. Bd4 Kc7 38. g5 fxg5 39. hxg5 g6 40.
Ng2 Bxf3 41. Kxf3 Ne6 42. Bf6 Kb6 43. Nh4 Nf4 44. Ke3 Kxb5 45. Kd4 Kc6 46. Be5
Ne6+ 0-1

[Event "Wattenscheid 3- Hansa Dortmund"]
[Site "?"]
[Date "2024.01.28"]
[Round "5.7"]
[White "Velli, Filippo"]
[Black "Hielscher, Fabian"]
[Result "1-0"]
[WhiteElo "2239"]
[BlackElo "1670"]
[PlyCount "77"]
[SourceDate "2024.01.23"]

1. d4 d5 2. c4 e6 3. Nf3 Nf6 4. g3 b6 5. Bg2 Bb7 6. O-O Be7 7. Nc3 O-O 8. b3
Nbd7 9. Bb2 Rc8 10. e3 c5 11. cxd5 exd5 12. Rc1 Re8 13. Qd3 c4 14. Qb1 a6 15.
Ne5 Qc7 16. e4 b5 17. Nxd5 Nxd5 18. exd5 f6 19. Nc6 Nb6 20. Qf5 g6 21. Qh3 Qd6
22. bxc4 Nxc4 23. Bc3 a5 24. Bxa5 Nxa5 25. Nxa5 Rxc1 26. Rxc1 Bxd5 27. Bxd5+
Qxd5 28. Nb3 Ba3 29. Rc8 Rxc8 30. Qxc8+ Kg7 31. Qe8 Qf5 32. Qe2 g5 33. Qd1 Qd5
34. Qg4 Bb2 35. h4 h5 36. Qe2 Bc3 37. Qxh5 Bxd4 38. hxg5 Bb6 39. gxf6+ 1-0

[Event "Wattenscheid 3- Hansa Dortmund"]
[Site "?"]
[Date "2024.01.28"]
[Round "5.8"]
[White "Hielscher, Klaus- Peter"]
[Black "Wolffgang, Georg"]
[Result "0-1"]
[WhiteElo "1780"]
[BlackElo "1860"]
[PlyCount "68"]
[SourceDate "2024.01.23"]

1. Nf3 f5 2. g3 Nf6 3. Bg2 g6 4. c4 Bg7 5. Nc3 O-O 6. O-O d6 7. d4 c6 8. Qc2
Na6 9. a3 Nh5 10. e3 e5 11. b4 f4 12. Bb2 Bg4 13. exf4 exf4 14. h3 Bxf3 15.
Bxf3 fxg3 16. Bxh5 gxf2+ 17. Kh2 gxh5 18. Ne4 Qh4 19. Rxf2 Rxf2+ 20. Nxf2 Rf8
21. Ne4 Rf3 22. Qg2 Qxe4 23. Rg1 Qf4+ 24. Kh1 Qf8 25. d5 Rf7 26. dxc6 bxc6 27.
Qxc6 Nb8 28. Qd5 Kh8 29. Bxg7+ Rxg7 30. Rxg7 Kxg7 31. Qg5+ Kh8 32. Qxh5 Nd7 33.
Qd5 Ne5 34. Kg2 Qg8+ 0-1

[Event "Mülheim- Bönen 2"]
[Site "?"]
[Date "2024.01.28"]
[Round "5.1"]
[White "Medger, Gernot"]
[Black "Langschmidt, Dirk"]
[Result "0-1"]
[WhiteElo "1813"]
[BlackElo "2008"]
[PlyCount "58"]
[SourceDate "2024.01.23"]

1. e4 c5 2. Nf3 d6 3. d4 cxd4 4. Nxd4 Nf6 5. Nc3 a6 6. Bc4 e6 7. Bb3 Qc7 8. O-O
b5 9. Re1 Be7 10. a4 b4 11. Na2 Qb7 12. f3 O-O 13. c3 bxc3 14. Nxc3 Nc6 15.
Nxc6 Qxc6 16. Be3 Rb8 17. a5 Qb7 18. Ba2 Bd7 19. Bb6 Bc6 20. Qe2 Nd7 21. Bc4
Nxb6 22. Bxa6 Qa7 23. axb6 Rxb6 24. Bb5 Ra6+ 25. Kf1 Rxa1 26. Bxc6 Rc8 27. Bb5
Bf6 28. Qd2 Rxe1+ 29. Qxe1 Qc5 0-1

[Event "Mülheim- Bönen 2"]
[Site "?"]
[Date "2024.01.28"]
[Round "5.2"]
[White "Straenger, Petra"]
[Black "Beulertz, Stefan"]
[Result "0-1"]
[WhiteElo "1826"]
[BlackElo "1931"]
[PlyCount "86"]
[SourceDate "2024.01.23"]

1. d4 e6 2. c4 f5 3. Nc3 Nf6 4. Nf3 d6 5. Bf4 Be7 6. e3 O-O 7. Bd3 c6 8. O-O
Nh5 9. Bg3 h6 10. h3 Nxg3 11. fxg3 Qb6 12. Na4 Qc7 13. Qe1 e5 14. e4 f4 15. g4
Nd7 16. Rc1 b6 17. d5 c5 18. Nc3 Qd8 19. a3 Nf6 20. Nd1 Nh7 21. Nc3 Bd7 22. Be2
a6 23. Bd3 Qe8 24. Qe2 Rb8 25. b4 Qg6 26. Rb1 h5 27. gxh5 Qxh5 28. Nh2 Qg6 29.
Kh1 Nf6 30. Qf3 Nh5 31. Kg1 Ng3 32. Rf2 Bh4 33. Rfb2 Rbd8 34. bxc5 bxc5 35. Rb6
Bc8 36. Na4 Qg5 37. Rc6 Rf6 38. Nb6 Bxh3 39. Rb2 Rg6 40. Na4 Bd7 41. Rxa6 Nh5
42. Nc3 Bg3 43. Bf1 Qh4 0-1

[Event "Mülheim- Bönen 2"]
[Site "?"]
[Date "2024.01.28"]
[Round "5.3"]
[White "Volling, Andreas"]
[Black "Preisner, Peter"]
[Result "1/2-1/2"]
[WhiteElo "1783"]
[BlackElo "1801"]
[PlyCount "43"]
[SourceDate "2024.01.23"]

1. d4 Nf6 2. c4 d6 3. Nc3 g6 4. e4 Bg7 5. Be2 O-O 6. Bg5 c5 7. d5 a6 8. a4 e6
9. Nf3 exd5 10. exd5 Re8 11. O-O h6 12. Bd2 Bg4 13. Re1 Nbd7 14. Qc2 Bf5 15.
Bd3 Bxd3 16. Qxd3 Rxe1+ 17. Rxe1 Ng4 18. h3 Nge5 19. Nxe5 Nxe5 20. Qe2 Nd7 21.
b3 Nf6 22. Qf3 1/2-1/2

[Event "Mülheim- Bönen 2"]
[Site "?"]
[Date "2024.01.28"]
[Round "5.4"]
[White "Otto, Michael"]
[Black "Budde, Uwe"]
[Result "1-0"]
[WhiteElo "1798"]
[BlackElo "1755"]
[PlyCount "77"]
[SourceDate "2024.01.23"]

1. e4 d6 2. d4 Nf6 3. f3 Nbd7 4. c4 e5 5. Ne2 c5 6. d5 Be7 7. Nbc3 a6 8. g4 h6
9. Ng3 Nh7 10. Be3 Ndf8 11. Qd2 Ng6 12. O-O-O Bg5 13. Nf5 Bxf5 14. exf5 Bxe3
15. Qxe3 Nf4 16. h4 Qd7 17. Bd3 Nxd3+ 18. Qxd3 O-O-O 19. Rde1 Nf6 20. Rh2 Rde8
21. Ne4 Nxe4 22. Qxe4 Kd8 23. Qe3 Qe7 24. Qf2 Qd7 25. Kb1 Kc8 26. Qd2 Qd8 27.
Re4 Kd7 28. Qe1 Kc8 29. Rhe2 Kd7 30. b3 b5 31. R2e3 b4 32. Kc2 Qa5 33. Kb1 Qd8
34. Re2 Qb8 35. f4 exf4 36. Re7+ Rxe7 37. Rxe7+ Kd8 38. Rxf7 Re8 39. Qf2 1-0

[Event "Mülheim- Bönen 2"]
[Site "?"]
[Date "2024.01.28"]
[Round "5.5"]
[White "Romstadt, Dirk"]
[Black "Kucki, Hermann"]
[Result "1/2-1/2"]
[WhiteElo "1707"]
[BlackElo "1723"]
[PlyCount "87"]
[SourceDate "2024.01.23"]

1. Nf3 Nf6 2. e3 g6 3. d4 d5 4. c4 c6 5. cxd5 cxd5 6. Nc3 Bg7 7. Be2 O-O 8. O-O
Bg4 9. Qb3 b6 10. Bd2 Nc6 11. Rac1 Na5 12. Qd1 a6 13. b4 Nb7 14. Ne5 Bxe2 15.
Nxe2 Rc8 16. Qa4 Ne4 17. Nc6 Qd7 18. Rfd1 Ned6 19. Nf4 e6 20. Qc2 Nc4 21. b5
axb5 22. Nb4 Nbd6 23. Qb1 Ra8 24. Be1 Rfc8 25. Ne2 Bf8 26. Nd3 Qa7 27. Nc3 Qa6
28. Qb3 Na5 29. Qb1 Rc4 30. Ne5 Rc7 31. Nd3 Rac8 32. Ne2 Rxc1 33. Rxc1 Rxc1 34.
Qxc1 Nac4 35. Qb1 Ne4 36. Nc3 Nxc3 37. Bxc3 Qa4 38. Kf1 Na3 39. Qb3 Qc4 40. Ke2
Nc2 41. Kd2 b4 42. Bb2 Qxb3 43. axb3 Na3 44. Ne5 1/2-1/2

[Event "Mülheim- Bönen 2"]
[Site "?"]
[Date "2024.01.28"]
[Round "5.6"]
[White "Wisotzky, Klaus"]
[Black "Zimmer, Sebastian"]
[Result "0-1"]
[WhiteElo "1552"]
[BlackElo "1710"]
[PlyCount "100"]
[SourceDate "2024.01.23"]

1. Nf3 Nf6 2. d4 g6 3. g3 Bg7 4. Bg2 O-O 5. O-O d6 6. Nbd2 c5 7. dxc5 dxc5 8.
c3 Nc6 9. Qc2 Bf5 10. e4 Be6 11. Re1 Qd7 12. Nb3 b6 13. Bf4 Nh5 14. Rad1 Qb7
15. Bc1 Bg4 16. h3 Bxf3 17. Bxf3 Rad8 18. Bxh5 gxh5 19. Qe2 Rxd1 20. Rxd1 Ne5
21. Bf4 Ng6 22. Bc1 h4 23. g4 Qc7 24. Nd2 Nf4 25. Qf3 Rd8 26. Nf1 Nxh3+ 27. Kg2
Rxd1 28. Qxd1 Nf4+ 29. Bxf4 Qxf4 30. Qf3 h3+ 31. Qxh3 Qxe4+ 32. Qf3 Qxf3+ 33.
Kxf3 Bh6 34. b3 Kg7 35. Ke4 e6 36. f4 Kg6 37. Ng3 Bg7 38. c4 Bd4 39. Kf3 h6 40.
Ne2 e5 41. Ke4 f6 42. Ng3 exf4 43. Nf5 Be5 44. Ne7+ Kg5 45. Kf3 a6 46. a4 f5
47. gxf5 Bd6 48. Nd5 Kxf5 49. Nxb6 h5 50. Nd5 h4 0-1

[Event "Mülheim- Bönen 2"]
[Site "?"]
[Date "2024.01.28"]
[Round "5.7"]
[White "Leisen, Peter"]
[Black "Meyer, Friedel"]
[Result "1/2-1/2"]
[WhiteElo "1717"]
[BlackElo "1532"]
[PlyCount "102"]
[SourceDate "2024.01.23"]

1. Nf3 c5 2. b3 Nf6 3. Bb2 Nc6 4. e3 d5 5. d4 cxd4 6. exd4 Bg4 7. Be2 e6 8.
Nbd2 Bd6 9. O-O Rc8 10. c4 dxc4 11. bxc4 O-O 12. Rc1 Bb8 13. Re1 Qb6 14. Qb3
Qxb3 15. axb3 Bf4 16. Ra1 a6 17. h3 Bxd2 18. Nxd2 Bxe2 19. Rxe2 Nh5 20. Nf3 Nf4
21. Re4 Ng6 22. g4 Rfd8 23. h4 Nf8 24. g5 f5 25. gxf6 gxf6 26. Rg4+ Kf7 27. Kh2
h5 28. Rg3 Ne7 29. Ra5 Nf5 30. Rg1 Ng6 31. Kh3 Nf4+ 32. Kh2 Nd3 33. Bc3 Nxf2
34. Rf1 Ng4+ 35. Kh3 Rg8 36. d5 exd5 37. Ne5+ fxe5 38. Rxf5+ Ke6 39. Rxh5 d4
40. Be1 Rcf8 41. Rg5 Rxg5 42. hxg5 Nf2+ 43. Kg2 Ne4 44. Bg3 Nxg3 45. Kxg3 e4
46. Rd5 d3 47. g6 Kf6 48. Kf4 Re8 49. Rd6+ Kg7 50. Ke3 Re7 51. b4 Re8 1/2-1/2

[Event "Katernberg 4- Brackel 4"]
[Site "?"]
[Date "2024.01.28"]
[Round "5.1"]
[White "Strack, Patrick"]
[Black "Huettemann, Karl- Heinz"]
[Result "1/2-1/2"]
[WhiteElo "1895"]
[BlackElo "1958"]
[PlyCount "34"]
[SourceDate "2024.01.23"]

1. e4 c5 2. d4 cxd4 3. c3 dxc3 4. Nxc3 Nc6 5. Nf3 d6 6. Bc4 e6 7. O-O Be7 8.
Qe2 Nf6 9. Rd1 e5 10. Bb5 Bd7 11. Bg5 O-O 12. Bxf6 gxf6 13. Nh4 Nd4 14. Rxd4
exd4 15. Bxd7 Qxd7 16. Nf5 Kh8 17. Nd5 Bd8 1/2-1/2

[Event "Katernberg 4- Brackel 4"]
[Site "?"]
[Date "2024.01.28"]
[Round "5.2"]
[White "Mamikonyan, Davit"]
[Black "Gromov, Alexander"]
[Result "1/2-1/2"]
[WhiteElo "1913"]
[BlackElo "1752"]
[PlyCount "90"]
[SourceDate "2024.01.23"]

1. c4 Nf6 2. g3 g6 3. Bg2 Bg7 4. Nc3 O-O 5. e4 d6 6. Nge2 c5 7. O-O Nc6 8. h3
a6 9. d3 Rb8 10. a4 Bd7 11. Rb1 Na7 12. b4 cxb4 13. Rxb4 b5 14. axb5 axb5 15.
cxb5 Nxb5 16. Nxb5 Rxb5 17. Rxb5 Bxb5 18. Qb3 Qb8 19. Bg5 Ba6 20. Rb1 Qxb3 21.
Rxb3 h6 22. Be3 Nd7 23. Nf4 Rb8 24. Ra3 Rb1+ 25. Kh2 Bb7 26. Ra7 Ne5 27. Ra3
Kh7 28. g4 e6 29. Kg3 Bf8 30. Rc3 Nc6 31. h4 Bg7 32. Rc4 Be5 33. d4 Bg7 34. h5
g5 35. Ne2 Rb4 36. Rc2 Nxd4 37. Nxd4 Bxd4 38. Bxd4 Rxd4 39. Rc7 Bxe4 40. f3 Bd5
41. Rxf7+ Kg8 42. Rd7 Bc4 43. Rd8+ Kf7 44. Rd7+ Kg8 45. Rd8+ Kf7 1/2-1/2

[Event "Katernberg 4- Brackel 4"]
[Site "?"]
[Date "2024.01.28"]
[Round "5.3"]
[White "Schmitz, Julian"]
[Black "Riesenbeck, Juergen"]
[Result "1/2-1/2"]
[WhiteElo "1675"]
[BlackElo "1938"]
[PlyCount "58"]
[SourceDate "2024.01.23"]

1. e4 e6 2. d4 d5 3. exd5 exd5 4. Nf3 Bd6 5. Bd3 Nc6 6. c3 Nge7 7. Bg5 f6 8.
Bh4 Bg4 9. Qc2 Qd7 10. Nbd2 O-O-O 11. O-O-O Kb8 12. Bxh7 Bxf3 13. Nxf3 f5 14.
Bxf5 Qxf5 15. Qxf5 Nxf5 16. Bxd8 Nxd8 17. Ne5 c6 18. Rd3 Bxe5 19. dxe5 Re8 20.
f4 Ne6 21. Rf1 Rh8 22. h3 Nc5 23. Rdf3 Ne4 24. g4 Nfg3 25. Re1 Rxh3 26. Ree3
Rh1+ 27. Kc2 Rh2+ 28. Kc1 Rh1+ 29. Kc2 Rh2+ 1/2-1/2